Movies Quiz

Random Movies or Actress Quiz

Wrong Answer Roulette: '90s Movies Quiz Stats

 Plays Quiz Updated Nov 16, 2017

Score 0/185 Timer 08:00
4 Plays Today
% Correct
???
100%
???
99.9%
???
99.9%
???
99.9%
???
99.9%
???
99.9%
???
99.9%
???
99.9%
???
96.4%
???
96.2%
???
96%
???
94.6%
???
94.6%
???
94.5%
???
94.5%
???
94.5%
???
94.5%
???
94.5%
???
94.5%
???
94.5%
???
68.3%
???
66.6%
???
66.3%
???
61.1%
???
61.1%
???
61.1%
???
61.1%
???
61.1%
???
61.1%
???
61.1%
???
61.1%
???
61.1%
???
58.1%
???
57.5%
???
57.3%
???
57.1%
???
57%
???
57%
???
57%
???
57%
???
57%
???
57%
???
57%
???
57%
???
57%
???
52.3%
???
51.9%
???
50.9%
???
50.5%
???
50.5%
???
50.5%
???
50.5%
???
50.5%
???
50.5%
???
50.5%
???
50.5%
???
50.5%
???
48.4%
???
48%
???
47.7%
???
47.2%
???
47.1%
% Correct
???
47.1%
???
47.1%
???
47.1%
???
47.1%
???
47.1%
???
47.1%
???
47.1%
???
41.7%
???
40.6%
???
40.3%
???
38.5%
???
38.5%
???
38.5%
???
38.5%
???
38.5%
???
38.5%
???
38.5%
???
38.5%
???
38.5%
???
38.5%
???
29.6%
???
29.4%
???
26.8%
???
26.2%
???
26.1%
???
26.1%
???
26.1%
???
26.1%
???
26.1%
???
26.1%
???
26.1%
???
26.1%
???
23.4%
???
22.2%
???
21.6%
???
20.5%
???
20.4%
???
20.4%
???
20.4%
???
20.4%
???
20.4%
???
20.4%
???
20.4%
???
20.4%
???
17.9%
???
17.4%
???
17%
???
16%
???
16%
???
16%
???
16%
???
16%
???
16%
???
16%
???
16%
???
16%
???
16%
???
15%
???
13.7%
???
13.5%
???
13%
???
13%
% Correct
???
13%
???
13%
???
13%
???
13%
???
13%
???
13%
???
13%
???
10.7%
???
10.3%
???
10.1%
???
9.5%
???
9.5%
???
9.5%
???
9.5%
???
9.5%
???
9.5%
???
9.5%
???
9.5%
???
9.5%
???
8.9%
???
8.9%
???
8.8%
???
8.8%
???
8.8%
???
8.8%
???
8.8%
???
8.8%
???
8.8%
???
8.7%
???
8.8%
???
8.8%
???
8.8%
???
5.6%
???
5.4%
???
5.2%
???
4.9%
???
4.9%
???
4.9%
???
4.9%
???
4.9%
???
4.9%
???
4.9%
???
4.9%
???
4.9%
???
4.5%
???
4.4%
???
4.4%
???
4.3%
???
4.3%
???
4.3%
???
4.3%
???
4.3%
???
4.3%
???
4.3%
???
4.3%
???
4.3%
???
4.2%
???
4.2%
???
4.2%
???
4.2%
???
4.2%

You're not logged in!

Compare scores with friends on all Sporcle quizzes.
OR
Log In

Sporcle TV

Today on Sporcle TV


Watch our educational content, quiz creation guides, and fun videos on Sporcle TV.

Show Comments

Extras

Top Quizzes Today


Score Distribution

Your Account Isn't Verified!

In order to create a playlist on Sporcle, you need to verify the email address you used during registration. Go to your Sporcle Settings to finish the process.

Report this User

Report this user for behavior that violates our Community Guidelines.

Details: